000 00373nam a22001457a 4500
008 210311b ||||| |||| 00| 0 eng d
020 _a0801418968
041 _aeng
080 _28th
_a579
082 _28th
_a579
100 _a11
101 _aMIK
245 _aHagan and Bruner's Microbiology and Infectious Diseases of Domestic Animals
_cTimoney,F.J
942 _2udc
_cBK
999 _c56359
_d56359